Statistics for UK Quiz

Click here to take the quiz!

General Stats

  • This quiz has been taken 48 times
  • The average score is 22 of 30

Answer Stats

HintAnswer% Correct
Capital City of UKLondon
100%
Capital City of Northern IrelandBelfast
97%
Capital City of WalesCardiff
97%
Capital City of ScotlandEdinburgh
97%
Most Spoken LanguageEnglish
97%
CurrencyPound Sterling
95%
Biggest Country in UKEngland
92%
Oldest UniversityOxford
86%
Name of WW2 Prime MinisterWinston Churchill
86%
Most Popular SportFootball
84%
Name of FlagUnion Jack
84%
Name Given to the UK's Departure from EUBrexit
81%
Prime Minister's Residence10 Downing Street
78%
Year of Battle of Hastings1066
76%
Longest Reigning MonarchElizabeth II
76%
Current Prime Minister's PartyConservative
73%
"Upper" House of ParliamentHouse of Lords
73%
Other Main Political PartyLabour
73%
Documents Signed by King in 1215Magna Carta
73%
Biggest MountainBen Nevis
70%
Current MonarchCharles III
70%
Monarch Famous For 6 WivesHenry VIII
70%
Name of British Health ServiceNHS
70%
Current Prime MinisterRishi Sunak
68%
Approx. Population (million)67
57%
Name of "Appeasement" Prime MinisterNeville Chamberlain
51%
First Prime Minister of the UKSir Robert Walpole
35%
Year England United With Scotland1707
27%
Year of Battle of Bosworth1485
16%
Year England and Scotland United with Ireland1801
16%

Score Distribution

Percentile by Number Answered

Percent of People with Each Score

Your Score History

You have not taken this quiz